UBT Library

Medicine and the reign of technology / (Record no. 47884)

000 -LEADER
fixed length control field 00583cam a2200229 i 4500
001 - CONTROL NUMBER
control field 1777924
005 - DATE AND TIME OF LATEST TRANSACTION
control field 20180918041228.0
008 - FIXED-LENGTH DATA ELEMENTS--GENERAL INFORMATION
fixed length control field 771013s1978 enka b 001 0 eng
010 ## - LIBRARY OF CONGRESS CONTROL NUMBER
LC control number 77087389
020 ## - INTERNATIONAL STANDARD BOOK NUMBER
International Standard Book Number 0521219078
040 ## - CATALOGING SOURCE
Original cataloging agency DLC
Transcribing agency DLC
Modifying agency DLC
041 ## - LANGUAGE CODE
Language code of text/sound track or separate title eng
060 ## - NATIONAL LIBRARY OF MEDICINE CALL NUMBER
Classification number W26 R375m
080 ## - UNIVERSAL DECIMAL CLASSIFICATION NUMBER
Universal Decimal Classification number 610.903 REI
082 00 - DEWEY DECIMAL CLASSIFICATION NUMBER
Classification number 610.903 REI
100 1# - Rafti
Rafti 3
101 ## - Shkurtesa
Shkurtesa SHM
245 10 - TITLE STATEMENT
Title Medicine and the reign of technology /
Statement of responsibility, etc Stanley Joel Reiser.
504 ## - BIBLIOGRAPHY, ETC. NOTE
Bibliography, etc Bibliography: p. 279-307.
906 ## - LOCAL DATA ELEMENT F, LDF (RLIN)
a 7
b cbc
c orignew
d 1
e opcn
f 19
g y-gencatlg
942 ## - ADDED ENTRY ELEMENTS (KOHA)
Source of classification or shelving scheme
Item type Books
Holdings
Withdrawn status Lost status Source of classification or shelving scheme Damaged status Not for loan Collection code Permanent location Current location Shelving location Date acquired Total Checkouts Full call number Barcode Date last seen Price effective from Koha item type
          Koleksioni i përgjithshem UBT - Lipjan UBT - Lipjan Koleksioni i përgjithshem 09/18/2018   610.903 REI 002-3013009 09/18/2018 09/18/2018 Books
UBT Library © 2015-2024. All rights reserved University Education for Business and Technology